=LDR 00000nam 2200000 4500 =001 INLIS000000000014277 =005 20130612105544 =008 ***********************************Ind** =035 ##$$0010-061300000014277 =041 ##$$a Ind =082 ##$$a 813 =090 ##$$a 813, Emk j =100 ##$$a Emka, Moammar =245 ##$$a Jakarta undercover 2, Karnaval malam, Moammar Emka =260 ##$$a 2003 $b Jakarta =300 ##$$a xliv, 394 hlm, Ilus, 18 cm =650 ##$$a fiksi Indonesia =850 ##$$a NBPNMAT